LEADER 01029nam0-22003371i-450- 001 990000161110403321 005 20070620133452.0 010 $a88-7146-028-6 035 $a000016111 035 $aFED01000016111 035 $a(Aleph)000016111FED01 035 $a000016111 100 $a20020821d1991----km-y0itay50------ba 101 0 $aita 105 $ay-------001yy 200 1 $aEdifici antisismici con struttura intelaiata in C.A.$econ programmi per il calcolo di telai piani e spaziali$fAurelio Ghersi. 205 $a5 ed. 210 $aNapoli$cCuen$d1991 215 $a475 p.$cill.$d24 cm + floppy disk 610 0 $aCostruzioni antisismiche 676 $a693.852 700 1$aGhersi,$bAurelio$f<1951- >$0332635 801 0$aIT$bUNINA$gRICA$2UNIMARC 901 $aBK 912 $a990000161110403321 952 $a13 D 32 06$b12533$fFINBC 952 $a07 B-394 MU.$b4892/307$fDINSC 959 $aFINBC 959 $aDINSC 996 $aEdifici antisismici con struttura intelaiata in C.A$9121691 997 $aUNINA LEADER 00886cam--2200325---450 001 990001168970203316 005 20201209124447.0 035 $a000116897 035 $aUSA01000116897 035 $a(ALEPH)000116897USA01 035 $a000116897 100 $a20030901d2000----km-y0itay0103----ba 101 0 $aita 102 $aIT 105 $a||||||||001yy 200 1 $aCilento$fEmilio La Greca 210 1 $aSalerno$cCentro di promozione culturale per il Cilento$d2000 215 $a63 p.$d21 cm 225 2 $aTascabili narrativa 410 0$12001$aTascabili narrativa 600 1$aLa Greca,$bEmilio$2BNCF 676 $a390.094574 700 1$aLA GRECA,$bEmilio$0549376 801 0$aIT$bsalbc$gISBD 912 $a990001168970203316 951 $aXVII A.MISC. 563$bDLAS$cXVII A.MISC.$d00154798 959 $aBK 969 $aCAS 996 $aCilento$9983787 997 $aUNISA LEADER 03676nam 22006495 450 001 9910300161403321 005 20200702224051.0 010 $a3-319-92153-3 024 7 $a10.1007/978-3-319-92153-2 035 $a(CKB)4100000006999526 035 $a(MiAaPQ)EBC5541261 035 $a(DE-He213)978-3-319-92153-2 035 $a(PPN)231465092 035 $a(EXLCZ)994100000006999526 100 $a20181005d2018 u| 0 101 0 $aeng 135 $aurcnu|||||||| 181 $ctxt$2rdacontent 182 $cc$2rdamedia 183 $acr$2rdacarrier 200 14$aThe Race to the Moon Chronicled in Stamps, Postcards, and Postmarks $e A Story of Puffery vs. the Pragmatic /$fby Umberto Cavallaro 205 $a1st ed. 2018. 210 1$aCham :$cSpringer International Publishing :$cImprint: Springer,$d2018. 215 $a1 online resource (349 pages) 225 1 $aSpace Exploration 311 $a3-319-92152-5 327 $aChapter 1: Sputnik Triggers the USSR-USA Space Race -- Chapter 2: Man in Space -- Chapter 3: Astronaut Sits in the Driver's Seat -- Chapter 4: Two Tragedies Block the Space Race -- Chapter 5: The Final Leap -- Chapter 6: Apollo 11 - Astrophilatelic Aspects -- References -- Glossary -- Index. 330 $aThe story of the famed race to the Moon between the US and the USSR has been told countless times. The strategies of these two superpowers have often been paralleled in a way that highlights their fight for dominance and efforts to develop needed new technologies. This book will show how beneath these surface similarities, the two competing nations employed very different core tactics. It provides a new perspective of the history of the space race by analyzing that history through philately - that is, from the images on postage stamps, post cards, and letters in circulation at that time. Through this fascinating historical visual record, the author shows how the propaganda-heavy approach of the USSR eventually lost out to the more pragmatic approach of the United States. 410 0$aSpace Exploration 606 $aAstronomy 606 $aSpace sciences 606 $aHistory 606 $aRussia?History 606 $aEurope, Eastern?History 606 $aUnited States?History 606 $aPopular Science in Astronomy$3https://scigraph.springernature.com/ontologies/product-market-codes/Q11009 606 $aSpace Sciences (including Extraterrestrial Physics, Space Exploration and Astronautics)$3https://scigraph.springernature.com/ontologies/product-market-codes/P22030 606 $aPopular Science in History$3https://scigraph.springernature.com/ontologies/product-market-codes/Q33030 606 $aRussian, Soviet, and East European History$3https://scigraph.springernature.com/ontologies/product-market-codes/717090 606 $aUS History$3https://scigraph.springernature.com/ontologies/product-market-codes/718010 615 0$aAstronomy. 615 0$aSpace sciences. 615 0$aHistory. 615 0$aRussia?History. 615 0$aEurope, Eastern?History. 615 0$aUnited States?History. 615 14$aPopular Science in Astronomy. 615 24$aSpace Sciences (including Extraterrestrial Physics, Space Exploration and Astronautics). 615 24$aPopular Science in History. 615 24$aRussian, Soviet, and East European History. 615 24$aUS History. 676 $a629.409 700 $aCavallaro$b Umberto$4aut$4http://id.loc.gov/vocabulary/relators/aut$0825085 906 $aBOOK 912 $a9910300161403321 996 $aThe Race to the Moon Chronicled in Stamps, Postcards, and Postmarks$92530988 997 $aUNINA